[Event "Bundesliga 2007/08"]
[Site "masterchessopen.com Austria"]
[Date "2008.03.15"]
[Round "10"]
[White "Balogh Csaba (HUN)"]
[Black "Baklan Vladimir (UKR)"]
[Result "1-0"]
[WhiteElo "2616"]
[BlackElo "2625"]

1.e4 c5 2.Nf3 d6 3.d4 cxd4 4.Nxd4 Nf6 5.Nc3 Nc6 6.Bg5 e6 7.Qd2 Be7 8.O-O-O
Nxd4 9.Qxd4 O-O 10.f4 Qa5 11.e5 dxe5 12.Qxe5 Qxe5 13.fxe5 Nd5 14.Bxe7 Nxe7
15.Bd3 b6 16.Be4 Rb8 17.Rhe1 Ng6 18.Bxg6 hxg6 19.Rd6 Rb7 20.Red1 Re7 21.g3 f6
22.Rd8 Rf7 23.Rxf8+ Rxf8 24.Nb5 fxe5 25.Nxa7 Bb7 26.Rd6 Bd5 27.Nc6 Rf1+ 28.Kd2
Rf2+ 29.Kc3 Be4 30.Nb4 Rxh2 31.Rxb6 Bf5 32.a4 e4 33.a5 e3 34.a6 e2 35.Kd2 Bg4
36.a7 Bf3 37.a8=Q+ {#r} 1-0

[Event "Ch Russia (club)"]
[Site "masterchessopen.com Sochi (Russia)"]
[Date "2008.04.09"]
[Round "7"]
[White "Lastin Alexander (RUS)"]
[Black "Motylev Alexander (RUS)"]
[Result "1-0"]
[WhiteElo "2651"]
[BlackElo "2672"]

{ Lastin Alexander (RUS) +1 =0 -0 Motylev Alexander (RUS) +1 =0 -0 } 1.e4 c5
2.Nf3 d6 3.d4 cxd4 4.Nxd4 Nf6 5.Nc3 Nc6 6.Bg5 e6 7.Qd2 Nxd4 8.Qxd4 Be7 9.O-O-O
O-O 10.f4 Qa5 { ?/= } 11.h4 ( 11.Kb1 Rd8 12.Bd3 h6 13.h4 e5 14.Qe3 exf4
15.Bxf4 Be6 16.Nd5 Bxd5 17.exd5 Re8 18.c4 b5 19.cxb5 Nxd5 20.Qe4 Nf6 21.Qf3 h5
22.Rhf1 Rac8 23.Bg5 Rc5 24.Be3 Rc7 25.Bd4 Bd8 26.Qg3 Ng4 27.Qxd6 Rce7 28.Qd5
Bb6 29.Qxh5 Nh6 30.Bxg7 { 1-0, Lastin Alexander 2585 - Zakharov Alexander 2414
, Sochi 10.2005 Memorial Stepanov (open) } ) ( 11.Bc4 Bd7 12.e5 dxe5 13.fxe5
Bc6 14.Bd2 Nd7 15.Nd5 Qd8 16.Nxe7+ Qxe7 17.Rhe1 Rfd8 18.Qg4 Nf8 19.Bd3 Rxd3
20.cxd3 Qd7 21.Bb4 Ng6 22.Bd6 f5 23.Qg5 Bd5 24.b3 Qc6+ 25.Kb2 Qb6 26.g3 Qd4+
27.Kb1 Rc8 28.Qe3 Qxe3 29.Rxe3 f4 30.gxf4 Nxf4 { ...1/2-1/2, Svidler Peter
2710 - Anand Viswanathan 2795 , Linares 1998 It (cat.21) } ) 11...Rd8 { +0.00
CAP } ( 11...h6 12.Bb5 Rd8 13.Qe3 a6 14.Be2 Bd7 15.e5 dxe5 16.fxe5 hxg5
17.hxg5 Nh7 18.Bd3 g6 19.Kb1 Nxg5 20.Qf4 Bc6 21.Rh4 Kg7 22.Rf1 Rh8 23.Rg4 Raf8
24.Rxg5 Bxg5 25.Qxg5 Qd8 26.Qg3 Qh4 27.Qe3 Rh5 28.Qc5 Qg5 29.Re1 Bxg2 30.b4
Rh1 31.Rxh1 { ...0-1, Sanchez Joseph 2496 - Roser Kevin 2400 , Condom 7.2007
It (cat.4) } ) 12.Bd3 { N } ( 12.Qe3 h6 13.Be2 Bd7 14.Qg3 Kh8 15.e5 dxe5
16.fxe5 Ng8 17.Qf4 Be8 18.Bd3 f6 19.exf6 Bxf6 20.Bxf6 Nxf6 21.g4 e5 22.Qf1 Bc6
23.g5 Ng8 24.Rg1 e4 25.gxh6 Nxh6 26.Qg2 Nf5 27.Bxe4 Rxd1+ 28.Rxd1 Ne3 29.Qg6
Bxe4 30.Nxe4 Rc8 31.c3 Nxd1 { ...1-0, So Wesley 2526 - Ginting Nasib 2393 ,
Tarakan 16. 1.2008 It "ASEAN Masters" (cat.8) } ) ( 12.Kb1 Bd7 13.Bd3 ( 13.Bc4
b5 14.Bb3 b4 15.Ne2 Rac8 16.g4 Qb5 17.Qd3 a5 18.Bxf6 Bxf6 19.g5 Be7 20.Qxb5
Bxb5 21.Nd4 Be8 22.Nxe6 fxe6 23.Bxe6+ Bf7 24.Bxc8 Rxc8 25.Rd4 Rc5 26.Rh3 d5
27.exd5 Bxd5 28.Rhd3 Bc6 29.a3 Rf5 30.axb4 axb4 31.Rc4 Bb5 { ...1-0, Dashko
Andrey 2408 - Mamian Tigran 2210 , Krasnodar 2001 Ch Russia (1/2 final) } )
13...h6 14.e5 dxe5 15.fxe5 Bc6 16.Qe3 Rxd3 17.Rxd3 hxg5 18.hxg5 Bxg2 19.gxf6
Bxh1 20.Qg1 { 1-0, Shirov Alexei 2720 - Anand Viswanathan 2795 , Monaco 1998
It "Melody Amber" (active) } ) ( 12.Bc4 Bd7 13.e5 dxe5 14.fxe5 Bc6 15.Qf4
Rxd1+ 16.Rxd1 Nh5 17.Qg4 Bxg5+ 18.Qxg5 g6 19.Be2 h6 20.Qe3 Ng7 21.g4 Ne8
22.Bf3 Bxf3 23.Qxf3 Qxe5 24.Qxb7 Qf4+ 25.Kb1 Rb8 26.Qxa7 Qb4 27.b3 Rc8 28.Na4
Qxg4 29.Qd7 Qe2 30.Rd2 Qf1+ 31.Kb2 Rb8 { ...0-1, Pruess David 2417 -
Miroshnichenko Evgenij 2651 , Cappelle la Grande 5. 3.2007 It (open) } )
12...e5 13.Qf2 Be6 14.Kb1 exf4 15.Qxf4 Kf8 16.Rhf1 Rac8 17.Nd5 Nxd5 18.exd5
Bxg5 19.hxg5 Qxd5 20.b3 Qxg2 21.Bxh7 Qg4 22.Qd2 Rc5 23.Rde1 Ke7 24.Rg1 Qh4
25.Be4 b6 { ?! } ( 25...Rd7 { !? } 26.Bd5 Rdc7 27.c4 Kd7 28.Qe3 Qh3 29.Rg3 { }
) 26.g6 Re5 27.gxf7 Bxf7 28.Rxg7 Rf8 29.Rh7 Qg3 30.Rhh1 Rg8 31.Bc6 Rxe1+
32.Rxe1+ Kd8 33.Re3 Qg1+ 34.Kb2 Qg7+ 35.Ka3 Qf8 { ? } ( 35...Kc7 36.Rc3 Rd8
37.Qe1 Bg8 38.Bd5+ Kb8 39.Qh4 Re8 40.Re3 Qd7 41.Rxe8+ Qxe8 42.Qf4 Bxd5 { } )
36.Bd5 Bxd5 37.Qxd5 Kc7 { } {#r} 1-0

[Event "It (open)"]
[Site "masterchessopen.com Halkidiki (Greece)"]
[Date "2008.05.05"]
[Round "9"]
[White "Pavlidis Antonios (GRE)"]
[Black "Sandalakis Angelos (GRE)"]
[Result "1-0"]
[WhiteElo "2260"]
[BlackElo "2376"]

1.e4 c5 2.Nf3 d6 3.d4 Nf6 4.Nc3 cxd4 5.Nxd4 Nc6 6.Bg5 e6 7.Qd2 Be7 8.O-O-O O-O
9.f4 Nxd4 10.Qxd4 Qa5 11.Bc4 Bd7 12.e5 dxe5 13.fxe5 Bc6 14.Bd2 Nd7 15.Nd5 Qd8
16.Nxe7+ Qxe7 17.Rhe1 Nb6 18.Bf1 Rfd8 19.Qg4 Rac8 20.Bb4 Rxd1+ 21.Rxd1 Qc7
22.Bd6 Bf3 23.Bxc7 Bxg4 24.Rd4 Nd5 25.Bd6 Bf5 26.c4 f6 27.Kd2 Nb6 28.b3 Nd7
29.exf6 e5 30.Bd3 exd4 31.Bxf5 Rc6 32.Be6+ Kh8 33.Bxd7 Rxd6 34.f7 Rf6 35.Be6
g5 36.Kd3 Kg7 37.Bd5 g4 38.Kxd4 b6 39.b4 Kf8 40.c5 Ke7 41.Ke5 Rf1 42.c6 b5
43.c7 Kd7 44.Bf3 {#r} 1-0

[Event "Ukrainian Games (schools)"]
[Site "masterchessopen.com Evpatoria (Ukraine)"]
[Date "2008.05.17"]
[Round "1"]
[White "Nyzhnyk Illya (UKR)"]
[Black "Zubachek Egor (UKR)"]
[Result "1-0"]
[WhiteElo "2444"]
[BlackElo "2000"]

1.e4 c5 2.Nf3 Nc6 3.d4 cxd4 4.Nxd4 Nf6 5.Nc3 d6 6.Bg5 e6 7.Qd2 Be7 8.O-O-O
Nxd4 9.Qxd4 O-O 10.f4 Qa5 11.Kb1 Rd8 12.Qd2 Qb6 13.Bd3 h6 14.h4 Qc5 15.Bxf6
Bxf6 16.e5 dxe5 17.Ne4 Qe7 18.Nxf6+ gxf6 19.fxe5 fxe5 20.Qxh6 f5 21.Bxf5 exf5
22.Qg6+ Kh8 23.Rxd8+ Qxd8 24.g4 Qg8 25.Qh5+ Qh7 26.Qe8+ Qg8 27.Qxe5+ Qg7
28.Qe8+ Qg8 29.Qe3 Kh7 30.Rf1 Be6 31.gxf5 Bxa2+ 32.Ka1 Re8 33.Qf3 Bf7 34.b3 b5
35.Kb2 a5 36.Qf2 Qg7+ 37.f6 Qh6 38.Qa7 Kg8 39.Rg1+ Kf8 40.Qc5+ {#r} 1-0

[Event "Ch Uruguay"]
[Site "masterchessopen.com Montevideo (Uruguay)"]
[Date "2008.06.04"]
[Round "7"]
[White "Arcos Facio Mateo (URU)"]
[Black "Guerrero Alvaro (URU)"]
[Result "0-1"]
[WhiteElo "2094"]
[BlackElo "2153"]

1.e4 c5 2.Nf3 Nc6 3.d4 cxd4 4.Nxd4 Nf6 5.Nc3 d6 6.Bg5 e6 7.Qd2 Be7 8.O-O-O
Nxd4 9.Qxd4 O-O 10.f4 Qa5 11.Be2 Bd7 12.e5 dxe5 13.fxe5 Bc6 14.h4 Bc5 15.Qf4
Nd7 16.Rh3 Qc7 17.Rxd7 Qxd7 18.Bf6 Rfd8 19.Rd3 Bd5 20.Qg5 Bf8 21.Bxd8 Rxd8
22.Ne4 Qe7 23.Nf6+ Kh8 24.Rg3 Qc5 25.Qh6 Be4 26.Bd3 Rxd3 27.Rxd3 gxh6 28.Nxe4
Qg1+ 29.Rd1 Qe3+ 30.Nd2 h5 31.Kb1 Qe2 {#R} 0-1

[Event "It (open)"]
[Site "masterchessopen.com Voronezh (Russia)"]
[Date "2008.06.15"]
[Round "4"]
[White "Benza Artyom (RUS)"]
[Black "Tkachuk Andrey (RUS)"]
[Result "1-0"]
[WhiteElo "2295"]
[BlackElo "2142"]

1.e4 c5 2.Nf3 d6 3.d4 cxd4 4.Nxd4 Nf6 5.Nc3 Nc6 6.Bg5 e6 7.Qd2 Be7 8.O-O-O
Nxd4 9.Qxd4 O-O 10.f4 Qa5 11.Be2 a6 12.Kb1 b5 13.e5 dxe5 14.fxe5 Nd5 15.Bxe7
Nxe7 16.Qc5 Ng6 17.b4 Qa3 18.Rd3 Nf4 19.Rf3 Bb7 20.Ne4 Qa4 21.Nc3 Bxf3 22.Nxa4
Bxg2 23.Rg1 bxa4 24.Qe3 g5 25.Rxg2 Nxg2 26.Qxg5+ Kh8 27.Qf6+ {#r} 1-0

[Event "Ch Poland (team) (juniors) (1 liga)"]
[Site "masterchessopen.com Gorzow Wielkopolski (Poland)"]
[Date "2008.07.09"]
[Round "5"]
[White "Wierzbicka Wiktoria (POL)"]
[Black "Pisarek Magdalena (POL)"]
[Result "1-0"]
[WhiteElo "2056"]
[BlackElo "1704"]

1.e4 c5 2.Nf3 d6 3.d4 cxd4 4.Nxd4 Nf6 5.Nc3 Nc6 6.Bg5 e6 7.Qd2 Be7 8.O-O-O O-O
9.f4 Nxd4 10.Qxd4 Qa5 11.Kb1 a6 12.Bh4 e5 13.Qd2 exf4 14.Nd5 Qd8 15.Nxe7+ Qxe7
16.Qxf4 Qxe4 17.Qxd6 Be6 18.Bxf6 gxf6 19.Bd3 Qg4 20.Qe7 Qg7 21.Rdf1 Kh8
22.Rhg1 f5 23.Bxf5 Bxf5 24.Rxf5 Rae8 25.Qb4 Re2 26.Rg5 Qh6 27.a3 Rc8 28.Qd4+
f6 29.Rf1 Rf8 30.g3 Re5 31.Rxe5 fxe5 32.Qxe5+ Kg8 33.Qd5+ Kh8 34.Rxf8+ Qxf8
35.Qxb7 Qf1+ 36.Ka2 a5 37.Qb8+ Kg7 38.Qe5+ Kg8 39.Qg5+ Kh8 40.Qf4 Qxf4 41.gxf4
Kg7 42.c4 Kf6 43.c5 Ke6 44.b4 {#r} 1-0

[Event "Ch Poland (team) (juniors) (extraliga)"]
[Site "masterchessopen.com Gorzow Wielkopolski (Poland)"]
[Date "2008.07.12"]
[Round "8"]
[White "Demidowicz Maria (POL)"]
[Black "Gluszko Monika (POL)"]
[Result "0-1"]
[WhiteElo "2093"]
[BlackElo "1901"]

1.e4 c5 2.Nf3 d6 3.d4 cxd4 4.Nxd4 Nf6 5.Nc3 Nc6 6.Bg5 e6 7.Qd2 Be7 8.O-O-O O-O
9.f4 Nxd4 10.Qxd4 Qa5 11.Bc4 Bd7 12.e5 dxe5 13.fxe5 Bc6 14.Bxf6 gxf6 15.Rhe1
Rad8 16.Qg4+ Kh8 17.Qh4 Rxd1+ 18.Nxd1 Rg8 19.Re3 Rxg2 20.Nc3 Rg1+ 21.Nd1 Rg2
22.Nc3 Rg1+ 23.Nd1 Qd8 24.Rd3 Qg8 25.exf6 Rg4 26.Qh6 Rg6 27.Qe3 Bxf6 28.Kb1
Rg4 29.Bb3 a6 30.a3 Qg5 31.Qf2 Rg2 32.h4 Qe5 33.Qf1 Re2 34.c3 Bb5 35.c4 Rxb2+
36.Kc1 Re2 37.Rc3 Bc6 38.Qh3 Qf4+ 39.Kb1 Be4+ 40.Bc2 Bxc3 41.Qxc3+ Kg8 42.Bxe4
Qxe4+ 43.Kc1 Qf4+ 44.Kb1 Qxh4 45.Nb2 Qe1+ {#R} 0-1

[Event "It (open)"]
[Site "masterchessopen.com Pardubice (Czech Republic)"]
[Date "2008.07.18"]
[Round "1"]
[White "Smirnov Pavel (RUS)"]
[Black "Armbrust Florian (GER)"]
[Result "1-0"]
[WhiteElo "2579"]
[BlackElo "2326"]

1.e4 c5 2.Nf3 d6 3.d4 cxd4 4.Nxd4 Nf6 5.Nc3 Nc6 6.Bg5 e6 7.Qd2 Be7 8.O-O-O
Nxd4 9.Qxd4 O-O 10.f4 Qa5 11.e5 dxe5 12.Qxe5 Qxe5 13.fxe5 Nd5 14.Bxe7 Nxe7
15.Bd3 b6 16.Be4 Rb8 17.Rhe1 Bb7 18.Nb5 Bxe4 19.Rxe4 Rb7 20.Ra4 a5 21.Rc4 Ng6
22.Re1 Rd8 23.Rc6 Ne7 24.Rd6 Rxd6 25.exd6 Nc8 26.Re4 Rd7 27.Rc4 Rd8 28.Rc7 Kf8
29.d7 Ne7 30.Na7 Nd5 31.Rc8 Ke7 32.Nc6+ Kxd7 33.Rxd8+ Kxc6 {#r} 1-0

[Event "Ch World (schools) (under 15)"]
[Site "masterchessopen.com Singapore"]
[Date "2008.07.26"]
[Round "5"]
[White "Ramalingam Karthik P (IND)"]
[Black "Manako Gokok Urbanus"]
[Result "1-0"]
[WhiteElo "1987"]
[BlackElo "1872"]

1.e4 c5 2.Nf3 d6 3.d4 cxd4 4.Nxd4 Nf6 5.Nc3 Nc6 6.Bg5 e6 7.Qd2 Be7 8.f4 O-O
9.O-O-O Nxd4 10.Qxd4 Qa5 11.Kb1 h6 12.Bh4 Rb8 13.Bf2 a6 14.Qb6 Qxb6 15.Bxb6
Ra8 16.Be2 Bd7 17.e5 dxe5 18.fxe5 Nd5 19.Nxd5 exd5 20.Bf3 Bd8 21.Bxd8 Raxd8
22.Bxd5 Bc6 23.Bxc6 bxc6 24.Rd6 Rxd6 25.exd6 Rd8 26.Rd1 a5 27.c4 f5 28.c5 Kf7
29.Re1 Rd7 30.Kc2 g5 31.Kc3 f4 32.a3 h5 33.b4 axb4+ 34.axb4 Kf6 35.Kc4 Rb7
36.b5 cxb5+ 37.Kd5 {#r} 1-0

[Event "It (open)"]
[Site "masterchessopen.com Vlissingen (Netherlands)"]
[Date "2008.08.03"]
[Round "3"]
[White "Fier Alexander Hilario Takeda (BRA)"]
[Black "Tiggelman Rene (NED)"]
[Result "1-0"]
[WhiteElo "2581"]
[BlackElo "2213"]

1.e4 c5 2.Nf3 d6 3.d4 Nf6 4.Nc3 cxd4 5.Nxd4 Nc6 6.Bg5 e6 7.Qd2 Be7 8.O-O-O O-O
9.f4 Nxd4 10.Qxd4 Qa5 11.Kb1 h6 12.h4 hxg5 13.hxg5 Ng4 14.Be2 e5 15.Nd5 Qd8
16.Qg1 exf4 17.Bxg4 Bxg5 18.Bxc8 Rxc8 19.Rh3 Re8 20.Qh2 Bh6 21.Rxh6 gxh6
22.Qxh6 Re6 23.Qxf4 Rc4 24.Rf1 Rcxe4 25.Qxf7+ Kh8 26.Qf2 Qe8 27.Rh1+ Kg8
28.Qg3+ Qg6 29.Ne7+ {#r} 1-0

[Event "It (open) (c)"]
[Site "masterchessopen.com Warsaw (Poland)"]
[Date "2008.08.13"]
[Round "9"]
[White "Malec Sebastian (POL)"]
[Black "Gluszko Monika (POL)"]
[Result "0-1"]
[WhiteElo "1855"]
[BlackElo "1901"]

1.e4 c5 2.Nf3 Nc6 3.d4 cxd4 4.Nxd4 Nf6 5.Nc3 d6 6.Bg5 e6 7.Qd2 Be7 8.O-O-O O-O
9.f4 Nxd4 10.Qxd4 Qa5 11.Bc4 Bd7 12.e5 dxe5 13.fxe5 Bc6 14.Bxf6 gxf6 15.Rde1
f5 16.h4 Kh8 17.Be2 Bxg2 18.Rh2 Bd5 19.Rf1 Bxa2 20.Bf3 Rad8 21.Qa4 Qxa4
22.Nxa4 Bd5 23.Bxd5 Rxd5 24.Rd1 Rfd8 25.Rhd2 Rxd2 26.Rxd2 Bxh4 27.Rxd8+ Bxd8
28.Nc5 b6 29.Nb7 Bc7 30.Nd6 f6 31.Nb5 Bxe5 32.Nxa7 h5 33.Kd2 Bxb2 34.Nc8 Bd4
35.Nd6 Kg7 {#R} 0-1

[Event "Olympiad (juniors) (under 16) (team)"]
[Site "masterchessopen.com Mersin (Turkey)"]
[Date "2008.08.19"]
[Round "4"]
[White "Mazur Stefan (SVK)"]
[Black "Rosenthal Jonathan (SUI)"]
[Result "1-0"]
[WhiteElo "2255"]
[BlackElo "2208"]

1.e4 c5 2.Nf3 d6 3.d4 cxd4 4.Nxd4 Nf6 5.Nc3 Nc6 6.Bg5 e6 7.Qd2 Be7 8.O-O-O O-O
9.f4 Nxd4 10.Qxd4 Qa5 11.e5 dxe5 12.Qxe5 Qb6 13.Na4 Qc6 14.Bb5 Nd7 15.Bxc6
Nxe5 16.Bxe7 Nxc6 17.Bxf8 Kxf8 18.Rd6 Ke7 19.Rhd1 Kf6 20.c4 Kf5 21.c5 {#r} 1-0

[Event "Olympiad (juniors) (under 16) (team)"]
[Site "masterchessopen.com Mersin (Turkey)"]
[Date "2008.08.22"]
[Round "7"]
[White "Adhiban B (IND)"]
[Black "Bregadze Levan (GEO)"]
[Result "1-0"]
[WhiteElo "2439"]
[BlackElo "2387"]

1.e4 c5 2.Nf3 d6 3.d4 cxd4 4.Nxd4 Nf6 5.Nc3 Nc6 6.Bg5 e6 7.Qd2 Be7 8.O-O-O O-O
9.f4 Nxd4 10.Qxd4 Qa5 11.e5 dxe5 12.Qxe5 Qxe5 13.fxe5 Nd5 14.Bxe7 Nxe7 15.Bd3
b6 16.Be4 Rb8 17.Rhe1 Bb7 18.Rd7 Bxe4 19.Rxe4 Nc6 20.Nb5 a6 21.Na7 Nxa7
22.Rxa7 Ra8 23.Rxa8 Rxa8 24.a4 Kf8 25.Rb4 Rb8 26.a5 b5 27.Rd4 Ke7 28.Rd6 Ra8
29.Rb6 Ra7 30.Kd2 f6 31.Ke3 fxe5 32.Ke4 Kf6 33.c3 h5 34.h4 Ra8 35.g3 Ra7
36.Rb8 Rc7 37.Rf8+ Ke7 38.Ra8 b4 39.cxb4 Rc4+ 40.Kxe5 Rxb4 41.Ra7+ Kf8 42.Kxe6
Re4+ 43.Kd5 Rb4 44.Rxa6 Rxb2 45.Rb6 Rg2 46.a6 Ke7 47.Kc6 {#r} 1-0

[Event "Olympiad (juniors) (under 16) (team)"]
[Site "masterchessopen.com Mersin (Turkey)"]
[Date "2008.08.23"]
[Round "8"]
[White "Gaehwiler Gabriel (SUI)"]
[Black "Yuksel A"]
[Result "1-0"]
[WhiteElo "2093"]
[BlackElo "1936"]

1.e4 c5 2.Nf3 Nc6 3.d4 cxd4 4.Nxd4 Nf6 5.Nc3 d6 6.Bg5 e6 7.Qd2 Be7 8.O-O-O O-O
9.f4 Nxd4 10.Qxd4 Qa5 11.Bc4 Bd7 12.e5 dxe5 13.fxe5 Bc6 14.Bd2 Nd7 15.Nd5 Qd8
16.Nxe7+ Qxe7 17.Rhe1 Nb6 18.Bb3 Bd5 19.Bb4 Qg5+ 20.Bd2 Qe7 21.Qg4 Rfc8 22.Kb1
a5 23.Bh6 Qf8 24.Rd3 Kh8 25.Bg5 Qb4 26.Qxb4 axb4 27.Bd2 Bxg2 28.Bxb4 Bd5
29.Bxd5 Nxd5 30.Bd2 b5 31.Re4 Ra6 32.Rb3 Rd8 33.Rxb5 f5 34.Rd4 Raa8 35.c4 Ne7
36.Rxd8+ Rxd8 37.Bg5 h6 38.Bxe7 Rd2 39.c5 {#r} 1-0

[Event "Olympiad (juniors) (under 16) (team)"]
[Site "masterchessopen.com Mersin (Turkey)"]
[Date "2008.08.23"]
[Round "8"]
[White "Straka Josef Jr (SVK)"]
[Black "Nikolashvili Giorgi N (GEO)"]
[Result "0-1"]
[WhiteElo "2177"]
[BlackElo "2245"]

1.e4 c5 2.Nf3 d6 3.d4 cxd4 4.Nxd4 Nf6 5.Nc3 Nc6 6.Bg5 e6 7.Qd2 Be7 8.O-O-O O-O
9.f4 Nxd4 10.Qxd4 Qa5 11.h4 Rd8 12.Bd3 e5 13.Qf2 Bg4 14.Rde1 Rac8 15.Kb1 Rxc3
16.bxc3 Qxc3 17.Bxf6 Bxf6 18.f5 d5 19.Qxa7 Qb4+ 20.Ka1 Qc3+ 21.Kb1 Bxh4 22.g3
Bxg3 23.Qb6 Rc8 24.Reg1 dxe4 25.Bxe4 h5 26.Rxg3 Qxg3 27.Qxb7 Qc3 28.a4 Rc4
29.Qa8+ Kh7 30.f6+ g6 31.Bd5 Qxc2+ {#R} 0-1

[Event "It (open) \"]
[Site "masterchessopen.com Thessaloniki (Greece)"]
[Date "2008.08.28"]
[Round "2"]
[White "Timoshenko Georgy (UKR)"]
[Black "Zivic Dragan (SRB)"]
[Result "1-0"]
[WhiteElo "2551"]
[BlackElo "2283"]

1.e4 c5 2.Nf3 Nc6 3.d4 cxd4 4.Nxd4 Nf6 5.Nc3 d6 6.Bg5 e6 7.Qd2 Be7 8.O-O-O O-O
9.f4 Nxd4 10.Qxd4 Qa5 11.Kb1 Rd8 12.Qd2 h6 13.Bxf6 Bxf6 14.Nd5 Qxd2 15.Nxf6+
gxf6 16.Rxd2 Kf8 17.Rd3 Ke7 18.Rh3 Rh8 19.Be2 Bd7 20.Rd1 Bc6 21.Bf3 Rac8 22.b3
b6 23.g4 Ba8 24.Kb2 Rc5 25.c4 a5 26.a4 Rcc8 27.Kc3 Rc5 28.Rd3 h5 29.Rh4 f5
30.gxf5 exf5 31.e5 dxe5 32.Bxa8 e4 33.Rd5 Rxa8 34.Rxh5 Rxd5 35.cxd5 Rc8+
36.Kd4 Kf6 37.Rh6+ Ke7 38.Rxb6 Rc1 39.Rc6 Rd1+ 40.Ke5 e3 41.Rc7+ Kd8 42.Rc2
Rd3 43.h4 Rxb3 44.h5 Rb4 45.h6 Re4+ 46.Kxf5 e2 47.h7 e1=Q 48.h8=Q+ Re8 49.Qf6+
{#r} 1-0

[Event "Memorial L.Rudenko (w)"]
[Site "masterchessopen.com St. Petersburg (Russia)"]
[Date "2008.08.29"]
[Round "4"]
[White "Tukan Ekaterina (RUS)"]
[Black "Sokolova Vera (RUS)"]
[Result "0-1"]
[WhiteElo "1936"]
[BlackElo "2105"]

1.e4 c5 2.Nf3 Nc6 3.d4 cxd4 4.Nxd4 Nf6 5.Nc3 d6 6.Bg5 e6 7.Qd2 Be7 8.O-O-O O-O
9.f4 Nxd4 10.Qxd4 Qa5 11.Bc4 Bd7 12.Bb3 Bc6 13.Rhe1 b5 14.Nd5 Nxd5 15.exd5
Bxg5 16.fxg5 e5 17.Qg4 Be8 18.Rf1 Qc7 19.Kb1 Bd7 20.Qe4 Qd8 21.h4 f5 22.Qe2 a5
23.c3 a4 24.Bc2 a3 25.b3 Qa5 26.Qd2 Rac8 27.Rf3 Rf7 28.Rdf1 Rcf8 29.g4 e4
30.Rf4 fxg4 31.Rxf7 Rxf7 32.Rxf7 Kxf7 33.Bxe4 Qb6 34.Kc2 Kg8 35.h5 g3 36.Kd3
Bh3 37.Bg2 Bf5+ 38.Be4 Qf2 39.Qe3 Qxe3+ 40.Kxe3 Bxe4 {#R} 0-1

[Event "Ch Croatia (team) (w)"]
[Site "masterchessopen.com Sibenik (Croatia)"]
[Date "2008.09.01"]
[Round "5"]
[White "Jelica Mara (CRO)"]
[Black "Zelic Marina (CRO)"]
[Result "1-0"]
[WhiteElo "2205"]
[BlackElo "2001"]

1.e4 c5 2.Nf3 Nc6 3.d4 cxd4 4.Nxd4 Nf6 5.Nc3 d6 6.Bg5 e6 7.Qd2 Be7 8.O-O-O
Nxd4 9.Qxd4 O-O 10.f4 Qa5 11.Bc4 Bd7 12.e5 dxe5 13.fxe5 Bc6 14.Bd2 Nd7 15.Nd5
Qd8 16.Nxe7+ Qxe7 17.Rhe1 Rfd8 18.Qg4 Nf8 19.Bd3 Rxd3 20.cxd3 Bd5 21.Kb1 a5
22.h4 Qd7 23.h5 Qb5 24.Bh6 g6 25.Qf4 Nd7 26.Rf1 f5 27.exf6 Kf7 28.Qd6 Re8
29.hxg6+ hxg6 30.Rd2 e5 31.Bg5 Re6 32.Qc7 a4 33.Rh1 Re8 34.Rh7+ Ke6 35.Re7+
Rxe7 36.fxe7 Nf6 37.Bxf6 Kxf6 38.Qd6+ Kf5 39.Rf2+ Kg4 40.Qxg6+ {#r} 1-0

[Event "Ch Serbia (team) (1st League)"]
[Site "masterchessopen.com Subotica (Serbia)"]
[Date "2008.09.04"]
[Round "4"]
[White "Djukic Nikola (MNE)"]
[Black "Perunovic Milos (SRB)"]
[Result "1-0"]
[WhiteElo "2519"]
[BlackElo "2580"]

1.e4 c5 2.Nf3 Nc6 3.d4 cxd4 4.Nxd4 Nf6 5.Nc3 d6 6.Bg5 e6 7.Qd2 Be7 8.O-O-O
Nxd4 9.Qxd4 O-O 10.f4 Qa5 11.e5 dxe5 12.Qxe5 Qxe5 13.fxe5 Nd5 14.Bxe7 Nxe7
15.Bd3 b6 16.Be4 Rb8 17.Rhe1 Bb7 18.Nb5 a6 19.Nc7 a5 20.Bxb7 Rxb7 21.Nb5 Ng6
22.a4 h5 23.b3 Rbb8 24.Nd6 Rfd8 25.Nc4 Rxd1+ 26.Rxd1 Nf4 27.Rd6 b5 28.axb5
Rxb5 29.Ra6 Nxg2 30.Rxa5 Rb8 31.Ra7 Nh4 32.Nd6 Nf3 33.Rxf7 Nxh2 34.Re7 h4
35.Ne4 Nf3 36.Rxe6 Rb4 37.Re8+ Kh7 38.Nf2 Kg6 39.e6 Ng5 40.Kb2 Rf4 41.e7 Nh7
42.Rh8 Nf6 43.Rf8 Rxf2 44.Rxf6+ Rxf6 45.e8=Q+ Kg5 46.Qe3+ Kg4 47.Qg1+ {#r} 1-0

[Event "Tournament \"]
[Site "masterchessopen.com Rio de Janeiro (Brazil)"]
[Date "2008.09.06"]
[Round "3"]
[White "Guimaraes Wagner P (BRA)"]
[Black "Limp Eduardo (BRA)"]
[Result "1-0"]
[WhiteElo "2240"]
[BlackElo "2405"]

1.e4 c5 2.Nf3 d6 3.d4 cxd4 4.Nxd4 Nf6 5.Nc3 Nc6 6.Bg5 e6 7.Qd2 Be7 8.O-O-O
Nxd4 9.Qxd4 O-O 10.f4 Qa5 11.Bc4 Bd7 12.e5 dxe5 13.fxe5 Bc6 14.Bd2 Nd7 15.Nd5
Qd8 16.Nxe7+ Qxe7 17.Rhe1 Nb6 18.Bf1 Rfd8 19.Qg4 Qc5 20.Bg5 Rxd1+ 21.Qxd1 Bd5
22.Bd3 Qa5 23.Rf1 g6 24.Qg4 Bxa2 25.Qf3 f5 26.Qxb7 Qxe5 27.Qe7 Qg7 28.Qxg7+
Kxg7 29.b3 e5 30.Kb2 e4 31.Ba6 {#r} 1-0

[Event "Memorial M.Chigorin (open)"]
[Site "masterchessopen.com St. Petersburg (Russia)"]
[Date "2008.10.05"]
[Round "2"]
[White "Ivanov Alexey Jr (RUS)"]
[Black "Savchenko Boris (RUS)"]
[Result "0-1"]
[WhiteElo "2431"]
[BlackElo "2648"]

1.e4 c5 2.Nf3 d6 3.d4 cxd4 4.Nxd4 Nf6 5.Nc3 Nc6 6.Bg5 e6 7.Qd2 Be7 8.O-O-O
Nxd4 9.Qxd4 O-O 10.f4 Qa5 11.Bc4 Bd7 12.Rhf1 Rad8 13.Kb1 b5 14.e5 dxe5 15.fxe5
Nd5 16.Bxe7 Nxe7 17.Bd3 b4 18.Qh4 Ng6 19.Bxg6 fxg6 20.Ne4 Qxe5 21.Rfe1 Qa5
22.Qe7 Rfe8 23.Qd6 Ba4 24.Qf4 Qf5 25.Qe3 Rxd1+ 26.Rxd1 Bc6 27.Nd6 Rd8 28.b3
Qf6 29.Qxa7 Bxg2 30.Qb6 Qh4 31.Qc7 h5 32.Qf7+ Kh7 33.Qxe6 Qxh2 34.Rd3 Qf4
35.a3 Qf6 {#R} 0-1

[Event "It \"]
[Site "masterchessopen.com Buenos Aires (Argentina)"]
[Date "2008.10.06"]
[Round "9"]
[White "Perez Ponsa Federico (ARG)"]
[Black "Guerrero Alvaro (URU)"]
[Result "1-0"]
[WhiteElo "2363"]
[BlackElo "2153"]

1.e4 c5 2.Nf3 Nc6 3.Nc3 d6 4.d4 cxd4 5.Nxd4 Nf6 6.Bg5 e6 7.Qd2 Be7 8.O-O-O
Nxd4 9.Qxd4 O-O 10.f4 Qa5 11.h4 e5 12.Qe3 exf4 13.Bxf4 Ng4 14.Qg3 Bf6 15.Rd5
Qb6 16.Rxd6 Qf2 17.Nd5 Qxg3 18.Bxg3 Be5 19.Bxe5 Nxe5 20.Be2 Rb8 21.Rd1 Be6
22.Nf4 Rbe8 23.Bb5 Re7 24.Rd8 f6 25.Rxf8+ Kxf8 26.Rd8+ Kf7 27.Nd5 Bxd5 28.exd5
Kg6 29.d6 Re6 30.d7 Rd6 31.Rf8 Nf7 32.h5+ {#r} 1-0

[Event "World Mindsports Games (Blitz Pair)"]
[Site "masterchessopen.com Beijing (China)"]
[Date "2008.10.08"]
[Round "10"]
[White "Pruess David (USA)"]
[Black "Balogh Csaba (HUN)"]
[Result "0-1"]
[WhiteElo "2422"]
[BlackElo "2616"]

1.e4 c5 2.Nf3 d6 3.d4 cxd4 4.Nxd4 Nf6 5.Nc3 Nc6 6.Bg5 e6 7.Qd2 Be7 8.O-O-O O-O
9.f4 Nxd4 10.Qxd4 Qa5 11.h4 h6 12.Be2 Rd8 13.Qe3 Kf8 14.e5 dxe5 15.fxe5 hxg5
16.exf6 Bxf6 17.hxg5 Bxg5 18.Rxd8+ Ke7 19.Nd5+ Qxd5 20.Rxd5 Bxe3+ 21.Rd2 Bd7
22.Bf3 Bc6 23.Bxc6 bxc6 24.Rh3 Bxd2+ 25.Kxd2 Rd8+ 26.Ke2 Rd5 27.Ra3 a5 28.Rc3
Kd6 29.Rh3 g5 30.Rh7 f5 31.Rh8 Ke5 32.Rc8 Rc5 33.c3 Kf4 34.Kf2 Rd5 35.Ke2 c5
36.c4 Re5+ 37.Kf2 Kg4 38.Ra8 Re4 39.Rxa5 Rxc4 40.b3 Rc2+ 41.Ke3 f4+ 42.Ke4
Rxg2 43.Rxc5 Rxa2 44.b4 Re2+ 45.Kd3 f3 46.b5 Rb2 47.Rc4+ Kg3 48.Rc5 g4 49.Re5
f2 50.Kd4 {#R} 0-1